The voyage of the Jeannette. The ship and ice journals of George W. De Long, Lieutenant Commander U.S.N., and Commander of the Polar Expedition of 1879, 1881. Edited by his wife Emma De Long, with a steel portrait, maps, and many illustrations on wood and stone. In two volumes. Vol. I, Vol. II
Na minha lista:
| Autor principal: | |
|---|---|
| Formato: | Livro |
| Idioma: | inglês |
| Publicado em: |
Londres
Kegan Paul, Trench and Company, I Paternoster square
1883
|
| Edição: | 1a. ed |
| Assuntos: | |
| Tags: |
Adicionar Tag
Sem tags, seja o primeiro a adicionar uma tag!
|
MARC
| LEADER | 00000nam a2200000 a 4500 | ||
|---|---|---|---|
| 001 | UCJ5568 | ||
| 003 | CL-VaPUC | ||
| 008 | 070124e18830000UK |||||||||||||||||eng|d | ||
| 082 | 0 | 4 | |a 910.4 |b DEL |2 21 |
| 100 | 0 | |a De Long, George Washington |e author |9 510877 | |
| 245 | 1 | 4 | |a The voyage of the Jeannette. The ship and ice journals of George W. De Long, Lieutenant Commander U.S.N., and Commander of the Polar Expedition of 1879, 1881. Edited by his wife Emma De Long, with a steel portrait, maps, and many illustrations on wood and stone. In two volumes. Vol. I, Vol. II |
| 250 | |a 1a. ed | ||
| 300 | |a 2 v | ||
| 942 | |c BK | ||
| 945 | |d 20070124 00:00:00 |a rinostro | ||
| 260 | |a Londres |b Kegan Paul, Trench and Company, I Paternoster square |c 1883 | ||
| 500 | |a Front., v. 1, retrato del autor; mapas, ilustraciones, grabados, etc. conforme a lo señalado en el índice. La nave La Jeannette es la misma que con el nombre de Pandora efectuó viajes al polo norte bajo el mando de Sir Allen Young | ||
| 600 | 0 | 7 | |a BENNETT, JAMES GORDON |2 CL-VaPUC |9 508109 |
| 650 | 0 | |a Viajes |9 257115 | |
| 650 | 7 | |a DIARIO |2 CL-VaPUC |9 441581 | |
| 650 | 7 | |a BIOGRAFIA |2 CL-VaPUC |9 504622 | |
| 650 | 0 | |a Genealogía |9 255285 | |
| 650 | 0 | |a Iconografía |9 267998 | |
| 650 | 0 | |a Arquitectura naval |9 261969 | |
| 650 | 7 | |a FAUNA |2 CL-VaPUC |9 349523 | |
| 650 | 7 | |a GLACIOLOGIA |2 CL-VaPUC |9 330910 | |
| 650 | 7 | |a PERROS |2 CL-VaPUC |9 344849 | |
| 650 | 7 | |a TRINEOS |2 CL-VaPUC |9 510482 | |
| 650 | 0 | |a Naufragios |9 317857 | |
| 650 | 7 | |a RESCATES |2 CL-VaPUC |9 505719 | |
| 650 | 0 | |a Mapas |9 260844 | |
| 650 | 0 | |a Ilustraciones |9 369481 | |
| 650 | 0 | |a Grabados |9 310822 | |
| 650 | 0 | |a Viñetas |9 369603 | |
| 651 | 7 | |a REGION ARTICA |2 CL-VaPUC |9 366377 | |
| 583 | |a last modification |c 20130712 06:24:13 |k Rodrigo Vera | ||
| 999 | |c 321677 |d 321675 | ||
| 952 | |0 0 |1 0 |4 0 |6 910_400000000000000_DEL_1883 |7 0 |8 X |9 400488 |a FDOBUD |b FDOBUD |d 2019-11-22 |h v.1 |i 1036459 |o 910.4 DEL 1883 |p 1036459 |r 2019-11-22 |w 2019-11-22 |y BK_X |k BUD | ||
| 952 | |0 0 |1 0 |4 0 |6 910_400000000000000_DEL_1883 |7 0 |8 X |9 400489 |a FDOBUD |b FDOBUD |d 2019-11-22 |h v.2 |i 1036467 |o 910.4 DEL 1883 |p 1036467 |r 2019-11-22 |w 2019-11-22 |y BK_X |k BUD | ||